000 00614nam a22002177a 4500
003 OSt
005 20170217184140.0
008 140707b xxu||||| |||| 00| 0 eng d
020 _a9780521679718
040 _cDDC
082 _222nd ed.
_a530.1 RIL 2006
_bR
100 _aRiley, K.F; Hobson M.P.; Bence S.J.
_9371
245 _aMathematical Methods for Physics and Engineering
250 _a3rd ed.
260 _bCambridge University press
_c2006
300 _axxvii,1333p;
_bIll:
_c25cm
504 _aIndex included.
650 _aMathematical physics
_9372
650 _aEngineering
_9373
942 _2ddc
_cB_BANK
999 _c141
_d141